Normal view
MARC view
Entry Geographic Name
001 - CONTROL NUMBER
- control field: 49121
003 - CONTROL NUMBER IDENTIFIER
- control field: ARRUPE
005 - DATE AND TIME OF LATEST TRANSACTION
- control field: 20200129101604.0
008 - FIXED-LENGTH DATA ELEMENTS
- fixed length control field: 200129|| aca||aabn | a|a d
040 ## - CATALOGING SOURCE
- Original cataloging agency: ARRUPE
- Transcribing agency: ARRUPE
151 ## - HEADING--GEOGRAPHIC NAME
- Geographic name: Italy
- General subdivision: Intellectual life
- Chronological subdivision: 1789-1900.
670 ## - SOURCE DATA FOUND
- Source citation: Work cat.: (ARRUPE)0: Raymond, Ernest, 1888- 49115, Two gentlemen of Rome;, [1952]